|
|
|
|
| LEADER |
02076nam a22005652i 4500 |
| 001 |
001629343 |
| 003 |
CZ BrMZK |
| 005 |
20180606103329.0 |
| 007 |
ta |
| 008 |
180517s1969 xr er||||||||||ccze d |
| 020 |
|
|
|q (brožováno)
|
| 040 |
|
|
|a OPD001
|b cze
|d BOA001
|e rda
|
| 043 |
|
|
|a mm-----
|
| 045 |
|
|
|a m-m-
|
| 072 |
|
7 |
|a 27
|x Křesťanství. Křesťanská církev všeobecně. Eklesiologie
|2 Konspekt
|9 5
|
| 072 |
|
7 |
|a 929
|x Biografie
|2 Konspekt
|9 8
|
| 080 |
|
|
|a 27-36
|2 MRF
|
| 080 |
|
|
|a 27-76-051
|2 MRF
|
| 080 |
|
|
|a 929
|2 MRF
|
| 080 |
|
|
|a 27-76:94(437.3)
|2 MRF
|
| 080 |
|
|
|a 821.163.1
|2 MRF
|
| 080 |
|
|
|a 821.163.1
|2 MRF
|
| 080 |
|
|
|a 002+801.82
|2 MRF
|
| 080 |
|
|
|a (38+392)
|2 MRF
|
| 080 |
|
|
|a (092)
|2 MRF
|
| 100 |
1 |
|
|a Dacík, Reginald Maria,
|d 1907-1988
|7 jk01021979
|4 aut
|
| 245 |
1 |
0 |
|a Naši apoštolové /
|c Reginald Dacík
|
| 264 |
|
1 |
|a Bratislava :
|b Obzor,
|c 1969
|
| 300 |
|
|
|a 30 stran ;
|c 14 cm
|
| 336 |
|
|
|a text
|b txt
|2 rdacontent
|
| 337 |
|
|
|a bez média
|b n
|2 rdamedia
|
| 338 |
|
|
|a svazek
|b nc
|2 rdacarrier
|
| 550 |
|
|
|a Vydavatel: Arcidiecézní pastorační rada, Olomouc
|
| 600 |
0 |
7 |
|a Metoděj,
|c svatý,
|d asi 815-885
|7 jn20000728411
|2 czenas
|
| 600 |
0 |
7 |
|a Konstantin,
|c svatý,
|d 827-869
|7 jn20000700942
|2 czenas
|
| 648 |
|
4 |
|a 815-885
|
| 648 |
|
4 |
|a 827-869
|
| 648 |
|
7 |
|a 9. století
|7 ch460547
|2 czenas
|
| 650 |
0 |
7 |
|a křesťanští světci
|7 ph115082
|z Byzanc
|y 9. století
|2 czenas
|
| 650 |
0 |
7 |
|a křesťanští misionáři
|7 ph135486
|y 9. století
|2 czenas
|
| 650 |
0 |
7 |
|a cyrilometodějská mise
|7 ph114275
|y 9. století
|2 czenas
|
| 650 |
0 |
7 |
|a církevněslovanské literatury
|7 ph558999
|y 9. století
|2 czenas
|
| 650 |
0 |
7 |
|a staroslověnská literatura
|7 ph165762
|y 9. století
|2 czenas
|
| 650 |
0 |
7 |
|a písemné prameny
|7 ph115977
|2 czenas
|
| 655 |
|
7 |
|a biografie
|7 fd131909
|2 czenas
|
| 710 |
2 |
|
|a Katolická církev.
|b Arcibiskupství olomoucké.
|b Pastorační rada
|7 olak2009460326
|
| 910 |
|
|
|a BOA001
|b S-1408.405
|
| 990 |
|
|
|a BK
|
| 991 |
|
|
|b 201805
|
| 996 |
6 |
|
|b 2610745728
|c S-1408.405
|l MZK
|r Sklad / do 24 hodin
|n 0
|p dar
|w 001668458
|u 000010
|a 1
|e BOA001
|j MZK50
|s P
|